Ngôi sao cô đơn

Đã lưu trong:
Bibliografiske detaljer
Hovedforfatter: Nguyễn, Đông Thức
Format: Bog
Sprog:Undetermined
Udgivet: Thành phố Hồ Chí Minh Văn nghệ / Cty VH Phương Nam 2006
Fag:
Tags: Tilføj Tag
Ingen Tags, Vær først til at tagge denne postø!
Thư viện lưu trữ: Trung tâm Học liệu Trường Đại học Cần Thơ
LEADER 00631nam a2200205Ia 4500
001 CTU_112356
008 210402s9999 xx 000 0 und d
020 |c 24455 
082 |a 895.922334 
082 |b Th552 
100 |a Nguyễn, Đông Thức 
245 0 |a Ngôi sao cô đơn 
245 0 |c Nguyễn Đông Thức 
260 |a Thành phố Hồ Chí Minh 
260 |b Văn nghệ / Cty VH Phương Nam 
260 |c 2006 
650 |a Vietnamese fiction,Vietnamese literature 
650 |y 20th century,20th century 
904 |i Giang 
980 |a Trung tâm Học liệu Trường Đại học Cần Thơ